<?xml version="1.0" encoding="UTF-8"?>
<record
    xmlns:xsi="http://www.w3.org/2001/XMLSchema-instance"
    xsi:schemaLocation="http://www.loc.gov/MARC21/slim http://www.loc.gov/standards/marcxml/schema/MARC21slim.xsd"
    xmlns="http://www.loc.gov/MARC21/slim">

  <leader>01789nam0a2200313   4500</leader>
  <controlfield tag="001">RU\NLR\bibl\1123099</controlfield>
  <controlfield tag="005">20260407141801.0</controlfield>
  <datafield tag="021" ind1=" " ind2=" ">
    <subfield code="a">RU</subfield>
    <subfield code="b">2007-48985</subfield>
    <subfield code="9">2597</subfield>
  </datafield>
  <datafield tag="035" ind1=" " ind2=" ">
    <subfield code="a">(NLR Aleph) 001110058</subfield>
  </datafield>
  <datafield tag="090" ind1=" " ind2=" ">
    <subfield code="a">1232397</subfield>
    <subfield code="c">1232397</subfield>
  </datafield>
  <datafield tag="100" ind1=" " ind2=" ">
    <subfield code="a">20070903d2006    |||y0rusy50      ca</subfield>
  </datafield>
  <datafield tag="101" ind1="0" ind2=" ">
    <subfield code="a">rus</subfield>
  </datafield>
  <datafield tag="102" ind1=" " ind2=" ">
    <subfield code="a">RU</subfield>
  </datafield>
  <datafield tag="105" ind1=" " ind2=" ">
    <subfield code="a">c   |||||||||</subfield>
  </datafield>
  <datafield tag="200" ind1="1" ind2=" ">
    <subfield code="a">&#x412;&#x44B;&#x43F;&#x443;&#x441;&#x43A;&#x43D;&#x438;&#x43A;&#x438; &#x43F;&#x435;&#x440;&#x432;&#x43E;&#x433;&#x43E; &#x432;&#x443;&#x437;&#x430; &#x411;&#x443;&#x440;&#x44F;&#x442;&#x438;&#x438;</subfield>
    <subfield code="e">(&#x41A; 75-&#x43B;&#x435;&#x442;&#x438;&#x44E; &#x411;&#x413;&#x421;&#x425;&#x410; &#x438;&#x43C;. &#x412;.&#x420;. &#x424;&#x438;&#x43B;&#x438;&#x43F;&#x43F;&#x43E;&#x432;&#x430;)</subfield>
    <subfield code="e">[&#x441;&#x431;&#x43E;&#x440;&#x43D;&#x438;&#x43A; &#x441;&#x442;&#x430;&#x442;&#x435;&#x439;]</subfield>
    <subfield code="f">&#x41C;-&#x432;&#x43E; &#x441;&#x435;&#x43B;. &#x445;&#x43E;&#x437;-&#x432;&#x430; &#x420;&#x43E;&#x441;. &#x424;&#x435;&#x434;&#x435;&#x440;&#x430;&#x446;&#x438;&#x438;, &#x424;&#x413;&#x41E;&#x423; &#x412;&#x41F;&#x41E; "&#x411;&#x443;&#x440;&#x44F;&#x442;. &#x433;&#x43E;&#x441;. &#x441;.-&#x445;. &#x430;&#x43A;&#x430;&#x434;. &#x438;&#x43C;. &#x412;.&#x420;. &#x424;&#x438;&#x43B;&#x438;&#x43F;&#x43F;&#x43E;&#x432;&#x430;", &#x41A;&#x430;&#x444;. &#x438;&#x441;&#x442;&#x43E;&#x440;&#x438;&#x438;</subfield>
    <subfield code="g">[&#x440;&#x435;&#x434;.: &#x41B;.&#x410;. &#x417;&#x430;&#x439;&#x446;&#x435;&#x432;&#x430;]</subfield>
  </datafield>
  <datafield tag="210" ind1=" " ind2=" ">
    <subfield code="a">&#x423;&#x43B;&#x430;&#x43D;-&#x423;&#x434;&#x44D;</subfield>
    <subfield code="c">&#x418;&#x437;&#x434;-&#x432;&#x43E; &#x424;&#x413;&#x41E;&#x423; &#x412;&#x41F;&#x41E; "&#x411;&#x443;&#x440;&#x44F;&#x442;&#x441;&#x43A;&#x430;&#x44F; &#x413;&#x421;&#x425;&#x410; &#x438;&#x43C;. &#x412;.&#x420;. &#x424;&#x438;&#x43B;&#x438;&#x43F;&#x43F;&#x43E;&#x432;&#x430;"</subfield>
    <subfield code="d">2006</subfield>
  </datafield>
  <datafield tag="215" ind1=" " ind2=" ">
    <subfield code="a">239 &#x441;.</subfield>
    <subfield code="c">&#x43F;&#x43E;&#x440;&#x442;&#x440;.</subfield>
    <subfield code="d">21</subfield>
  </datafield>
  <datafield tag="320" ind1=" " ind2=" ">
    <subfield code="a">&#x411;&#x438;&#x431;&#x43B;&#x438;&#x43E;&#x433;&#x440;. &#x432; &#x43F;&#x440;&#x438;&#x43C;&#x435;&#x447;. &#x432; &#x43A;&#x43E;&#x43D;&#x446;&#x435; &#x441;&#x442;.</subfield>
  </datafield>
  <datafield tag="601" ind1="0" ind2="2">
    <subfield code="a">&#x411;&#x443;&#x440;&#x44F;&#x442;&#x441;&#x43A;&#x430;&#x44F; &#x433;&#x43E;&#x441;&#x443;&#x434;&#x430;&#x440;&#x441;&#x442;&#x432;&#x435;&#x43D;&#x43D;&#x430;&#x44F; &#x441;&#x435;&#x43B;&#x44C;&#x441;&#x43A;&#x43E;&#x445;&#x43E;&#x437;&#x44F;&#x439;&#x441;&#x442;&#x432;&#x435;&#x43D;&#x43D;&#x430;&#x44F; &#x430;&#x43A;&#x430;&#x434;&#x435;&#x43C;&#x438;&#x44F; &#x438;&#x43C;. &#x412;.&#x420;. &#x424;&#x438;&#x43B;&#x438;&#x43F;&#x43F;&#x43E;&#x432;&#x430;</subfield>
    <subfield code="c">&#x423;&#x43B;&#x430;&#x43D;-&#x423;&#x434;&#x44D;, &#x433;&#x43E;&#x440;&#x43E;&#x434;</subfield>
    <subfield code="x">&#x412;&#x44B;&#x43F;&#x443;&#x441;&#x43A;&#x43D;&#x438;&#x43A;&#x438;</subfield>
    <subfield code="9">2498276</subfield>
    <subfield code="3">RU\NLR\auth\661481910</subfield>
  </datafield>
  <datafield tag="686" ind1=" " ind2=" ">
    <subfield code="a">&#x427;488.84(2)710</subfield>
  </datafield>
  <datafield tag="686" ind1=" " ind2=" ">
    <subfield code="a">&#x427;481.448</subfield>
  </datafield>
  <datafield tag="702" ind1=" " ind2="1">
    <subfield code="4">340</subfield>
    <subfield code="8">rus</subfield>
    <subfield code="7">ca</subfield>
    <subfield code="a">&#x417;&#x430;&#x439;&#x446;&#x435;&#x432;&#x430;</subfield>
    <subfield code="b">&#x41B;. &#x410;.</subfield>
    <subfield code="c">&#x434;-&#x440; &#x438;&#x441;&#x442;. &#x43D;&#x430;&#x443;&#x43A;</subfield>
    <subfield code="g">&#x41B;&#x44E;&#x431;&#x43E;&#x432;&#x44C; &#x410;&#x43B;&#x435;&#x43A;&#x441;&#x435;&#x435;&#x432;&#x43D;&#x430;</subfield>
    <subfield code="3">RU\NLR\auth\7740983</subfield>
    <subfield code="9">23934</subfield>
  </datafield>
  <datafield tag="712" ind1="0" ind2="2">
    <subfield code="4">570</subfield>
    <subfield code="a">&#x411;&#x443;&#x440;&#x44F;&#x442;&#x441;&#x43A;&#x430;&#x44F; &#x433;&#x43E;&#x441;&#x443;&#x434;&#x430;&#x440;&#x441;&#x442;&#x432;&#x435;&#x43D;&#x43D;&#x430;&#x44F; &#x441;&#x435;&#x43B;&#x44C;&#x441;&#x43A;&#x43E;&#x445;&#x43E;&#x437;&#x44F;&#x439;&#x441;&#x442;&#x432;&#x435;&#x43D;&#x43D;&#x430;&#x44F; &#x430;&#x43A;&#x430;&#x434;&#x435;&#x43C;&#x438;&#x44F; &#x438;&#x43C;. &#x412;. &#x420;. &#x424;&#x438;&#x43B;&#x438;&#x43F;&#x43F;&#x43E;&#x432;&#x430;</subfield>
    <subfield code="c">&#x423;&#x43B;&#x430;&#x43D;-&#x423;&#x434;&#x44D;</subfield>
    <subfield code="b">&#x41A;&#x430;&#x444;&#x435;&#x434;&#x440;&#x430; &#x438;&#x441;&#x442;&#x43E;&#x440;&#x438;&#x438;</subfield>
    <subfield code="3">RU\NLR\AUTH\8810084781</subfield>
    <subfield code="9">671597</subfield>
  </datafield>
  <datafield tag="801" ind1=" " ind2="0">
    <subfield code="a">RU</subfield>
    <subfield code="b">NLR</subfield>
    <subfield code="c">20070903</subfield>
    <subfield code="g">RCR</subfield>
  </datafield>
  <datafield tag="801" ind1=" " ind2="1">
    <subfield code="a">RU</subfield>
    <subfield code="b">NLR</subfield>
    <subfield code="c">20070903</subfield>
  </datafield>
  <datafield tag="830" ind1=" " ind2=" ">
    <subfield code="a">&#x440;&#x435;&#x434;. &#x43F;&#x43E; &#x43A;&#x43D;.</subfield>
  </datafield>
  <datafield tag="942" ind1=" " ind2=" ">
    <subfield code="c">BOOK</subfield>
  </datafield>
  <datafield tag="980" ind1=" " ind2=" ">
    <subfield code="a">NB</subfield>
  </datafield>
  <datafield tag="995" ind1=" " ind2=" ">
    <subfield code="5">2007-09-03</subfield>
    <subfield code="a">ad</subfield>
    <subfield code="b">NLR01</subfield>
    <subfield code="c">NLR01</subfield>
    <subfield code="e">RF9</subfield>
    <subfield code="f">2497338</subfield>
    <subfield code="k">2007-3/24176</subfield>
    <subfield code="o">0</subfield>
    <subfield code="r">BOOK</subfield>
    <subfield code="s">2007324176_</subfield>
  </datafield>
  <datafield tag="995" ind1=" " ind2=" ">
    <subfield code="5">2007-09-03</subfield>
    <subfield code="a">ad</subfield>
    <subfield code="b">NLR01</subfield>
    <subfield code="c">NLR01</subfield>
    <subfield code="e">RF9</subfield>
    <subfield code="f">2497339</subfield>
    <subfield code="k">2007-3/24176</subfield>
    <subfield code="o">0</subfield>
    <subfield code="r">BOOK</subfield>
    <subfield code="s">2007324176_</subfield>
  </datafield>
</record>
